000 00375nam a22001577a 4500
999 _c5032
_d5030
005 20210907114416.0
008 160701b xxu||||| |||| 00| 0 eng d
041 _aeng
082 _b20265
100 _aDAS SAMIR KUMAR
_96910
245 _aEXPLOSIVE AND BLASTING PRACTICE IN MINES
260 _bLovely
300 _a336
650 _aDiploma Engineering
_9817
942 _cBK